Haasian dee pand / (Record no. 524109)

000 -LEADER
fixed length control field 00492nam a22001697a 4500
003 - CONTROL NUMBER IDENTIFIER
control field NUST
020 ## - INTERNATIONAL STANDARD BOOK NUMBER
Terms of availability (Hbk)
038 ## - RECORD CONTENT LICENSOR
Staff Name Shaban
082 ## - DEWEY DECIMAL CLASSIFICATION NUMBER
Classification number 891.421
Author Mark FAT
100 ## - MAIN ENTRY--PERSONAL NAME
Personal name Fatehpuri, Hakeem Mansoor Alam
9 (RLIN) 14932
245 ## - TITLE STATEMENT
Title Haasian dee pand /
Statement of responsibility, etc. Hakeem Mansoor Alam Fatehpuri
260 ## - PUBLICATION, DISTRIBUTION, ETC.
Place of publication, distribution, etc. Layyah-:
Name of publisher, distributor, etc. Bazm e Hikmat,
Date of publication, distribution, etc. 2013.
300 ## - PHYSICAL DESCRIPTION
Extent 112 p. ;
880 ## - ALTERNATE GRAPHIC REPRESENTATION
Linkage 100-02\r
Title حکیم منصور عالم فتح پوری
880 ## - ALTERNATE GRAPHIC REPRESENTATION
Linkage 245-02\r
Title ہاسیاں دی پَنڈ \
942 ## - ADDED ENTRY ELEMENTS (KOHA)
Source of classification or shelving scheme
Koha item type Book
Holdings
Withdrawn status Lost status Source of classification or shelving scheme Damaged status Not for loan Permanent Location Current Location Date acquired Total Checkouts Full call number Barcode Date last seen Price effective from Koha item type
          Central Library (CL) Central Library (CL) 06/16/2019   891.421 FAT CL-E-1747 06/16/2019 06/16/2019 Book
© 2023 Central Library, National University of Sciences and Technology. All Rights Reserved.